El hombre y la técnica: y otros ensayos
Gespeichert in:
| 1. Verfasser: | |
|---|---|
| Format: | Buch |
| Sprache: | Spanisch |
| Veröffentlicht: |
Madrid
Espasa-Calpe
1967
|
| Ausgabe: | 3a. ed |
| Schriftenreihe: | Colección Austral, 721
|
| Schlagworte: | |
| Tags: |
Tag hinzufügen
Keine Tags, Fügen Sie den ersten Tag hinzu!
|
MARC
| LEADER | 00000nam a2200000 a 4500 | ||
|---|---|---|---|
| 001 | UCW3556 | ||
| 003 | CL-VaPUC | ||
| 008 | 881108e19670000SP |||||||||||||||||spa|d | ||
| 082 | 0 | 4 | |a 306 |b SPE |2 21 |
| 100 | 0 | |a Spengler, Oswald |e author |9 307840 | |
| 245 | 1 | 3 | |a El hombre y la técnica: y otros ensayos |
| 250 | |a 3a. ed | ||
| 300 | |a 138 p | ||
| 942 | |c BK | ||
| 945 | |d 19881108 00:00:00 | ||
| 260 | |a Madrid |b Espasa-Calpe |c 1967 | ||
| 650 | 0 | |a Antropología cultural |9 269905 | |
| 650 | 7 | |a DESARROLLO TECNOLOGICO |2 CL-VaPUC |9 259800 | |
| 650 | 0 | |a Aspectos sociales |9 254894 | |
| 650 | 0 | |a Antropología filosófica |9 265842 | |
| 583 | |a last modification |c 20160920 01:26:52 |k Rodrigo Vera | ||
| 490 | 0 | |a Colección Austral, 721 | |
| 999 | |c 217524 |d 217522 | ||
| 952 | |0 0 |1 0 |4 0 |6 306_000000000000000_SPE_1967 |7 0 |8 P |9 205327 |a BIBEDU |b BIBEDU |c BIBEDU_PB |d 2019-11-15 |i 2732343 |o 306 SPE 1967 |p 2732343 |r 2024-01-25 |w 2019-11-15 |y BK |k EDU | ||